Statistics for 20 Most Streamed Songs from 2020 on Spotify

Click here to take the quiz!

General Stats

  • This quiz has been taken 121 times
  • The average score is 10 of 20

Answer Stats

ArtistSong% Correct
The WeekndBlinding Lights
98%
The WeekndSave Your Tears
98%
Dua LipaLevitating
94%
Dua LipaDon't Start Now
94%
Cardi BWAP
76%
BTSBoy With Luv
73%
BTSDynamite
73%
Ariana Grandepositions
68%
EminemGodzilla
57%
HalseyWithout Me
50%
DaBabyROCKSTAR
32%
Conan GrayHeather
28%
Tate McRaeyou broke me first
27%
Lil MoseyBlueberry Faygo
26%
Powfudeath bed (coffee for your head)
25%
FutureLife Is Good
18%
Internet MoneyLemonade
17%
MalumaHawái
13%
Joel CorryHead & Heart
11%
TopicBreaking Me
5%

Score Distribution

Percentile by Number Answered

Percent of People with Each Score

Your Score History

You have not taken this quiz